| 000 | 00593nam a2200193Ia 4500 | ||
|---|---|---|---|
| 005 | 20250508162211.0 | ||
| 008 | 008 250505s9999 xx 000 0 eng d | ||
| 037 | _aTextual | ||
| 040 |
_aFEDL _beng _cFEDL |
||
| 041 |
_aeng _2eng |
||
| 084 |
_a384.54, HAW _qFEDL |
||
| 100 |
_aHawkridge David _919895 |
||
| 245 | 0 | _aOrganizing educational broadcasting | |
| 260 |
_aParis, France _bUnited Nations Educational, Scientific and Cultural Organization _c1982 |
||
| 300 | _a302p. | ||
| 700 |
_a Robinson John _9772565 |
||
| 942 |
_cTEXL _h384.54, HAW |
||
| 999 |
_c1374977 _d1374977 |
||